[Event "Lichtenberger Sommer 2024"]
[Site "Berlin"]
[Date "2024.08.18"]
[Round "9.1"]
[White "Tschernatsch, Johannes"]
[Black "Matthes, Aaron"]
[Result "1/2-1/2"]
[WhiteElo "2264"]
[BlackElo "2174"]
[PlyCount "83"]
[EventDate "2024.08.10"]
[WhiteTeam "SV Babelsberg 03 e.V."]
[BlackTeam "SC Kreuzberg e.V."]

1. e4 e6 2. d4 d5 3. Nd2 c5 4. Ngf3 cxd4 5. Nxd4 Nc6 6. Bb5 Bd7 7. Nxc6 bxc6 8.
Bd3 Bd6 9. Qe2 e5 10. exd5 cxd5 11. c4 Ne7 12. cxd5 Nxd5 13. Be4 Nf4 14. Qa6
Bc5 15. O-O Rb8 16. Nb3 Bb6 17. Bxf4 exf4 18. Rad1 O-O 19. Bxh7+ Kxh7 20. Qd3+
Kg8 21. Qxd7 Qf6 22. Qd2 Rfe8 23. Rde1 Qf5 24. h3 f3 25. Nd4 Bxd4 26. Rxe8+
Rxe8 27. Qxd4 fxg2 28. Kxg2 Re6 29. Rd1 Rg6+ 30. Kh2 Qf3 31. Rg1 Rxg1 32. Kxg1
Qxh3 33. b3 g6 34. Qd8+ Kh7 35. Qd5 Kg7 36. a4 Qc3 37. Kg2 a5 38. f3 f5 39. Kg3
Qc7+ 40. Kg2 Qc3 41. Kg3 Qc7+ 42. Kg2 1/2-1/2

[Event "Lichtenberger Sommer 2024"]
[Site "Berlin"]
[Date "2024.08.18"]
[Round "9.2"]
[White "Das, Soham"]
[Black "Reichmann, Felix"]
[Result "0-1"]
[WhiteElo "2334"]
[BlackElo "2171"]
[PlyCount "80"]
[EventDate "2024.08.10"]
[WhiteTeam "SK Tarrasch 1945 München"]
[BlackTeam "SV Empor Berlin e.V."]

1. e4 c5 2. c3 Nf6 3. e5 Nd5 4. Nf3 Nc6 5. Bc4 Nb6 6. Bb3 c4 7. Bc2 d5 8. exd6
Qxd6 9. O-O g6 10. Na3 Bg7 11. b3 Be6 12. Ng5 Bd5 13. Re1 O-O 14. bxc4 Nxc4 15.
Nxc4 Bxc4 16. Qg4 Ne5 17. Qh3 h5 18. d4 Ng4 19. Ne4 Qc7 20. Bg5 Bd5 21. Bb3
Bxb3 22. axb3 Rfe8 23. Qg3 Qb6 24. f3 Nh6 25. Nc5 Nf5 26. Qf2 Rad8 27. Rad1 Rd5
28. Bc1 Rdd8 29. Bb2 Bf8 30. b4 e5 31. dxe5 Rxd1 32. Rxd1 Rxe5 33. Ne4 Ne3 34.
Rd3 Nc4 35. Bc1 f5 36. Rd4 fxe4 37. Bf4 Rf5 38. fxe4 Rf7 39. Qg3 Kg7 40. e5 Rd7
0-1

[Event "Lichtenberger Sommer 2024"]
[Site "Berlin"]
[Date "2024.08.18"]
[Round "9.3"]
[White "Bui, Bao Anh Le"]
[Black "Moser, Axel"]
[Result "1/2-1/2"]
[WhiteElo "2177"]
[BlackElo "2097"]
[PlyCount "39"]
[EventDate "2024.08.10"]
[WhiteTeam "SV Mattnetz Berlin e.V."]
[BlackTeam "SC Freibauer Hofstetten"]

1. e4 e5 2. Nf3 Nc6 3. Nc3 Nf6 4. d4 exd4 5. Nxd4 Bb4 6. Nxc6 bxc6 7. Bd3 O-O
8. O-O d5 9. Bd2 Re8 10. Nxd5 cxd5 11. Bxb4 Nxe4 12. f3 Nd6 13. Re1 Be6 14. Qd2
Rb8 15. Qf4 Nc4 16. Bc3 Nxb2 17. Qe5 Qf6 18. Qxf6 gxf6 19. Bxf6 Nxd3 20. cxd3
1/2-1/2

[Event "Lichtenberger Sommer 2024"]
[Site "Berlin"]
[Date "2024.08.18"]
[Round "9.4"]
[White "Yatskar, Martin"]
[Black "Sieglen, Joachim"]
[Result "1/2-1/2"]
[WhiteElo "2115"]
[BlackElo "2113"]
[PlyCount "172"]
[EventDate "2024.08.10"]
[WhiteTeam "SK König Tegel 1949 e.V."]
[BlackTeam "SC Untergrombach 46"]

1. d4 d5 2. c4 c6 3. cxd5 cxd5 4. Bf4 Nc6 5. e3 Nf6 6. Nc3 e6 7. Bd3 Be7 8. Nf3
O-O 9. Ne5 Nd7 10. O-O Ndxe5 11. Bxe5 Nxe5 12. dxe5 f5 13. Ne2 Qb6 14. Qb3 Bc5
15. Qc2 Bd7 16. a3 Rac8 17. Qd2 Rc7 18. b4 Be7 19. Nd4 a6 20. Rac1 Rfc8 21. f4
Rxc1 22. Rxc1 Rxc1+ 23. Qxc1 a5 24. g4 g6 25. gxf5 gxf5 26. Kf2 axb4 27. axb4
Bxb4 28. Qg1+ Kf7 29. Qg5 Bc5 30. Qf6+ Ke8 31. Qh8+ Bf8 32. Qxh7 Kd8 33. Qg8
Qb4 34. Nxe6+ Bxe6 35. Qxe6 Qd2+ 36. Be2 Bc5 37. Qg8+ Kc7 38. Qg3 b5 39. Kf1
Bxe3 40. Qg7+ Kb6 41. Qf6+ Ka5 42. Qc6 Qc1+ 43. Qxc1 Bxc1 44. e6 Ba3 45. h4 Kb6
46. Bd3 Kc6 47. Bxf5 Kd6 48. Bg4 b4 49. Ke2 Bb2 50. f5 b3 51. Kd3 Bf6 52. h5 b2
53. Kc2 Bh8 54. Be2 Ke7 55. Bd3 Bf6 56. Kb3 Bg7 57. Kb4 Bh6 58. Kc5 Bg7 59.
Kxd5 Bh6 60. Kc6 Bg7 61. Bb1 Bh6 62. Ba2 Bg7 63. Kd5 Bh6 64. Ke4 Bg7 65. Kf3
Bh6 66. Kg4 Kf6 67. Bb1 Ke7 68. Kf3 Bg7 69. Ba2 Bh6 70. Ke2 Bg7 71. Kd1 Bh6 72.
Kc2 Bc1 73. Kc3 Kf6 74. Kd4 Bh6 75. Kc3 Bc1 76. Kc4 Bh6 77. Kd5 Ke7 78. Bb1 Bg7
79. Be4 Bh6 80. Ke5 Bg7+ 81. Kf4 Bh6+ 82. Ke5 Bg7+ 83. f6+ Bxf6+ 84. Kf5 Bc3
85. Bb1 Bd4 86. Ba2 Bc3 1/2-1/2

[Event "Lichtenberger Sommer 2024"]
[Site "Berlin"]
[Date "2024.08.18"]
[Round "9.5"]
[White "Schmidt, Fabian"]
[Black "Ross, Chris N"]
[Result "1-0"]
[WhiteElo "1934"]
[BlackElo "2171"]
[PlyCount "85"]
[EventDate "2024.08.10"]
[WhiteTeam "SV Königsjäger Süd-West e.V."]
[BlackTeam "Hillsborough Chess Club"]

1. e4 c5 2. Nf3 e6 3. d4 cxd4 4. Nxd4 Nc6 5. Nxc6 bxc6 6. c4 Nf6 7. Bd3 e5 8.
O-O d6 9. Nc3 Be7 10. h3 O-O 11. Be3 Be6 12. Qf3 Qb6 13. Rab1 Qb4 14. Bd2 Qb7
15. Rfe1 a5 16. b3 Nd7 17. Qg3 Nc5 18. Bc2 Qc7 19. Be3 Nd7 20. Rbd1 Kh8 21. f4
exf4 22. Bxf4 Ne5 23. c5 f6 24. cxd6 Bxd6 25. Ne2 Bb4 26. Rf1 Rad8 27. Kh1 Bc8
28. Nd4 Rfe8 29. Nf3 Bc3 30. Nxe5 Bxe5 31. Bxe5 fxe5 32. Bd3 Be6 33. Rc1 Rf8
34. Rxf8+ Rxf8 35. Rc5 a4 36. bxa4 Bxa2 37. Qxe5 Qd7 38. Rc3 h6 39. a5 Be6 40.
Kh2 Rf2 41. Rc2 Rf6 42. Qb8+ Bg8 43. Bc4 1-0

[Event "Lichtenberger Sommer 2024"]
[Site "Berlin"]
[Date "2024.08.18"]
[Round "9.6"]
[White "Petersen, Soren Boeck"]
[Black "Donath, Johann"]
[Result "1/2-1/2"]
[WhiteElo "2156"]
[BlackElo "2069"]
[PlyCount "107"]
[EventDate "2024.08.10"]
[WhiteTeam "vereinslos"]
[BlackTeam "BSV 63 Chemie Weißensee"]

1. Nf3 d5 2. c4 e6 3. d4 Nf6 4. Nc3 Bb4 5. cxd5 exd5 6. Bg5 c6 7. e3 Qa5 8.
Bxf6 Bxc3+ 9. bxc3 Qxc3+ 10. Nd2 gxf6 11. Be2 Rg8 12. O-O Bh3 13. Bf3 Nd7 14.
Kh1 Be6 15. Nb3 f5 16. Rc1 Qb4 17. Be2 O-O-O 18. Bd3 Qe7 19. Qc2 Rg5 20. Nc5
Nb8 21. Rb1 Rd7 22. Rfc1 Rc7 23. Nb3 Rh5 24. g3 f4 25. Qe2 f3 26. Qxf3 Qg5 27.
Nc5 Bg4 28. Qf4 Qg7 29. f3 Be6 30. g4 Rh6 31. Rg1 Nd7 32. g5 Rg6 33. Bxg6 hxg6
34. Nxe6 fxe6 35. Rg4 e5 36. Qg3 b6 37. Rh4 c5 38. dxc5 Nxc5 39. a4 d4 40. exd4
exd4 41. Qd6 Qf7 42. Rf1 d3 43. a5 Kb7 44. axb6 axb6 45. Rb4 Rc6 46. Qd4 Qf5
47. f4 Qh3 48. Qf2 Qf5 49. Rfb1 Qd5+ 50. Qg2 Qd8 51. Qd2 Qd5+ 52. Qg2 Qd8 53.
Qd2 Qd5+ 54. Qg2 1/2-1/2

[Event "Lichtenberger Sommer 2024"]
[Site "Berlin"]
[Date "2024.08.18"]
[Round "9.7"]
[White "Verbitsky, Jaroslaw"]
[Black "Torosyan, Bagrat"]
[Result "0-1"]
[WhiteElo "2049"]
[BlackElo "2126"]
[PlyCount "74"]
[EventDate "2024.08.10"]
[WhiteTeam "SV Mattnetz Berlin e.V."]
[BlackTeam "TSG Oberschöneweide e.V."]

1. e4 e5 2. Nf3 Nc6 3. Nc3 Nf6 4. d4 exd4 5. Nxd4 Bb4 6. Nxc6 bxc6 7. Bd3 d5 8.
exd5 O-O 9. O-O cxd5 10. Bg5 c6 11. Qf3 Rb8 12. h3 Be7 13. b3 h6 14. Bxh6 gxh6
15. Qg3+ Bg4 16. hxg4 Rb4 17. Bf5 Bd6 18. Qh3 Be5 19. a3 Rb8 20. Rae1 Qd6 21.
Ne2 Ne4 22. Bxe4 dxe4 23. Rd1 Qg6 24. Ng3 Bxg3 25. Qxg3 Rbd8 26. Qf4 Rd5 27. c4
Rd3 28. Rxd3 exd3 29. Qf5 Qd6 30. c5 Qd4 31. g5 d2 32. Rd1 Re8 33. Kf1 Qc3 34.
Qb1 hxg5 35. Qa1 Qd3+ 36. Kg1 Qe2 37. Qb1 Qe1+ 0-1

[Event "Lichtenberger Sommer 2024"]
[Site "Berlin"]
[Date "2024.08.18"]
[Round "9.8"]
[White "Schulz, Michael"]
[Black "Asatryan, Tigran"]
[Result "0-1"]
[WhiteElo "2109"]
[BlackElo "2036"]
[PlyCount "120"]
[EventDate "2024.08.10"]
[WhiteTeam "SC Zitadelle Spandau 1977 e.V."]
[BlackTeam "vereinslos"]

1. d4 Nf6 2. Bg5 e6 3. Nd2 d5 4. e3 h6 5. Bh4 c5 6. c3 Nbd7 7. Ngf3 a6 8. Bd3
Be7 9. a4 c4 10. Bc2 Qc7 11. Qe2 b6 12. e4 dxe4 13. Nxe4 Bb7 14. Bg3 Qc6 15. d5
Qxd5 16. Rd1 Qh5 17. Bd6 b5 18. O-O Bd5 19. Rd2 Nxe4 20. Bxe4 Nf6 21. Bxd5 Nxd5
22. Bxe7 Kxe7 23. Qe4 Rhc8 24. Rfd1 Kf8 25. Ne5 Kg8 26. g4 Qh3 27. Re1 h5 28.
g5 Rf8 29. g6 fxg6 30. Nxg6 Rf6 31. Rxd5 Rxg6+ 32. Qxg6 exd5 33. Re5 Qg4+ 34.
Qxg4 hxg4 35. axb5 axb5 36. Rxd5 Ra5 37. Kg2 Kf7 38. Rd7+ Ke6 39. Rb7 Kd6 40.
Kg3 Kc6 41. Rxg7 Ra2 42. Rxg4 Rxb2 43. h4 Rc2 44. h5 Rxc3+ 45. f3 Rd3 46. h6
Rd8 47. h7 Rh8 48. Rh4 c3 49. Rh1 b4 50. Kf4 c2 51. Ke3 Rxh7 52. Rc1 b3 53. Kd3
Rf7 54. Ke2 Kd5 55. Kd2 Rxf3 56. Rh1 Ke4 57. Rh4+ Rf4 58. Rh1 Kd4 59. Kc1 Kc4
60. Kb2 Rd4 0-1

[Event "Lichtenberger Sommer 2024"]
[Site "Berlin"]
[Date "2024.08.18"]
[Round "9.9"]
[White "Matviienko, Mykhailo"]
[Black "Witte, Ronald"]
[Result "1-0"]
[WhiteElo "2102"]
[BlackElo "1972"]
[PlyCount "57"]
[EventDate "2024.08.10"]
[WhiteTeam "SK Zehlendorf e.V."]
[BlackTeam "BSV 63 Chemie Weißensee"]

1. c4 c5 2. Nf3 Nc6 3. g3 g6 4. Bg2 Bg7 5. O-O d6 6. Nc3 e6 7. b3 Nge7 8. Bb2
O-O 9. e3 b6 10. d4 Bb7 11. Qd2 Nf5 12. d5 Na5 13. dxe6 fxe6 14. Rad1 d5 15.
cxd5 exd5 16. Ne2 Qe7 17. Bxg7 Nxg7 18. Ne1 Rad8 19. Nc2 Ne6 20. Nf4 d4 21.
exd4 Bxg2 22. Kxg2 Nxd4 23. Nxd4 cxd4 24. Qd3 Nc6 25. Qc4+ Kg7 26. Qxc6 Rc8 27.
Rfe1 Qxe1 28. Qd7+ Rf7 29. Qxd4+ 1-0

[Event "Lichtenberger Sommer 2024"]
[Site "Berlin"]
[Date "2024.08.18"]
[Round "9.10"]
[White "Pixa, Richard"]
[Black "Beduschi, Ben"]
[Result "1-0"]
[WhiteElo "2099"]
[BlackElo "1941"]
[PlyCount "95"]
[EventDate "2024.08.10"]
[WhiteTeam "SV Mattnetz Berlin e.V."]
[BlackTeam "Barnimer SF im SV Sta"]

1. e4 c5 2. Nf3 d6 3. Bb5+ Nd7 4. a4 Ngf6 5. Nc3 g6 6. a5 Bg7 7. O-O a6 8. Be2
b5 9. axb6 Nxb6 10. d3 O-O 11. Nd2 a5 12. Ra3 Ne8 13. Nc4 Nxc4 14. dxc4 Bb7 15.
Bf3 Nc7 16. Nd5 e6 17. Nf4 e5 18. Ne2 Ne6 19. g3 Nd4 20. Bg2 f5 21. Nxd4 exd4
22. Qd3 Qe7 23. exf5 Bxg2 24. Kxg2 Rxf5 25. f3 Re5 26. Bd2 Qb7 27. b3 g5 28. h3
Rae8 29. Rxa5 h5 30. Raa1 Qe7 31. Rae1 Qf6 32. Rxe5 Rxe5 33. Re1 Rf5 34. Re8+
Kf7 35. Qe4 Bh6 36. g4 hxg4 37. hxg4 Re5 38. Rxe5 Qxe5 39. Qxe5 dxe5 40. Kf2
Ke6 41. Ke2 Kf6 42. Kd3 Bf8 43. Ke4 Be7 44. Kd5 Bd8 45. Kxc5 e4 46. Kxd4 exf3
47. Ke3 f2 48. Bc3+ 1-0

[Event "Lichtenberger Sommer 2024"]
[Site "Berlin"]
[Date "2024.08.18"]
[Round "9.11"]
[White "Fartmann, Oliver"]
[Black "Rosmait, Emily"]
[Result "1-0"]
[WhiteElo "2093"]
[BlackElo "1939"]
[PlyCount "67"]
[EventDate "2024.08.10"]
[WhiteTeam "SV Mattnetz Berlin e.V."]
[BlackTeam "TuRa Harksheide von 1945 Norders"]

1. d4 Nf6 2. c4 e6 3. Nf3 b6 4. g3 Bb7 5. Bg2 Be7 6. O-O O-O 7. Nc3 d5 8. cxd5
exd5 9. Bf4 Ne4 10. Rc1 Nxc3 11. Rxc3 c5 12. dxc5 bxc5 13. Ne5 Nd7 14. Nc4 Nf6
15. Rb3 Bc6 16. Rd3 Rc8 17. Be5 d4 18. Bxc6 Rxc6 19. e3 Qd5 20. b3 Nd7 21. exd4
Nb6 22. Ne3 Qe4 23. f3 Qg6 24. d5 Rcc8 25. d6 Bf6 26. Ng4 c4 27. bxc4 Nxc4 28.
d7 Rcd8 29. Bxf6 gxf6 30. Rd4 Nb6 31. Rd6 Kh8 32. Qd4 Qg7 33. Nxf6 h6 34. Re1
1-0

[Event "Lichtenberger Sommer 2024"]
[Site "Berlin"]
[Date "2024.08.18"]
[Round "9.12"]
[White "Guenther, Thomas"]
[Black "Geldner, Gerrit"]
[Result "0-1"]
[WhiteElo "1996"]
[BlackElo "2009"]
[PlyCount "78"]
[EventDate "2024.08.10"]
[WhiteTeam "vereinslos"]
[BlackTeam "SC Kreuzberg e.V."]

1. d4 d5 2. Nf3 e6 3. c4 a6 4. e3 Nf6 5. Nc3 Be7 6. b3 O-O 7. Bd3 b6 8. Bb2 Bb7
9. cxd5 exd5 10. Qc2 Bd6 11. O-O Re8 12. Bf5 Nbd7 13. Rac1 Qe7 14. Bh3 Ne4 15.
Nxe4 dxe4 16. Ne5 Nf6 17. Nc4 Nd5 18. a3 h5 19. b4 Rad8 20. Qb3 Qh4 21. Nxd6
Rxd6 22. b5 axb5 23. Qxb5 Ra8 24. Rfd1 Rf6 25. Rd2 c6 26. Qb3 Rd8 27. Qa4 g5
28. Qa7 g4 29. Bxg4 hxg4 30. g3 Qh3 31. Qxb7 Rh6 32. f4 gxf3 33. Rxc6 Nxe3 34.
Rf2 Ng4 35. Rxh6 Qxh6 36. Qe7 Rc8 37. Qd7 Qe6 38. Qxe6 fxe6 39. Rd2 e3 0-1

[Event "Lichtenberger Sommer 2024"]
[Site "Berlin"]
[Date "2024.08.18"]
[Round "9.13"]
[White "Krefenstein, Sergej"]
[Black "Schulz, Jannis"]
[Result "1-0"]
[WhiteElo "2004"]
[BlackElo "1897"]
[PlyCount "159"]
[EventDate "2024.08.10"]
[WhiteTeam "TuS Makkabi Berlin e.V."]
[BlackTeam "Barnimer SF im SV Sta"]

1. e4 c6 2. d4 d5 3. e5 Bf5 4. Nf3 e6 5. Be2 h6 6. O-O Nd7 7. Nbd2 c5 8. c4 Ne7
9. Qa4 Nc6 10. cxd5 exd5 11. dxc5 Nxc5 12. Qf4 Be6 13. h4 Be7 14. h5 a6 15. b3
Rc8 16. Bb2 O-O 17. Rfd1 Qa5 18. a3 Qb6 19. Rab1 f6 20. exf6 Bxf6 21. Bxf6 Rxf6
22. Qe3 Re8 23. b4 Nd7 24. Qxb6 Nxb6 25. Bd3 Bf7 26. b5 axb5 27. Rxb5 Na7 28.
Ra5 Nc6 29. Rb5 Na7 30. Ra5 Nac8 31. g4 Rf4 32. Nh2 Nc4 33. Ra4 b5 34. Rb4 N8d6
35. a4 bxa4 36. Rxa4 Rf6 37. Rb4 Ne5 38. Bf1 Ndc4 39. Kg2 Nc6 40. Rb7 N6e5 41.
Nb3 Nd6 42. Rb4 Nec4 43. Nc5 Ra8 44. Re1 Rf4 45. Kg3 Rd4 46. Nf3 Ra3 47. Rb8+
Kh7 48. Nb3 Re4 49. Bd3 g6 50. hxg6+ Bxg6 51. Bxe4 Nxe4+ 52. Kf4 Ra7 53. Nbd4
Re7 54. Rd8 Rf7+ 55. Nf5 Nxf2 56. Re7 Nd3+ 57. Kg3 Rxe7 58. Nxe7 Ne3 59. Nxd5
Nxd5 60. Rxd5 Kg7 61. Ne5 Nxe5 62. Rxe5 Kf6 63. Kf4 Bf7 64. Ra5 Bg8 65. Rh5 Kg6
66. Rb5 Kf6 67. Rb6+ Be6 68. Kg3 Kf7 69. Kh4 Bc4 70. Rxh6 Kg7 71. Kg5 Be2 72.
Rg6+ Kh7 73. Rc6 Bd3 74. Rc7+ Kh8 75. Kh6 Kg8 76. g5 Bf5 77. g6 Be6 78. Re7 Bf7
79. Rxf7 Kh8 80. Rf8# 1-0

[Event "Lichtenberger Sommer 2024"]
[Site "Berlin"]
[Date "2024.08.18"]
[Round "9.14"]
[White "Kaushik, Siya"]
[Black "Hoffmann, Kay"]
[Result "1/2-1/2"]
[WhiteElo "1608"]
[BlackElo "2001"]
[PlyCount "64"]
[EventDate "2024.08.10"]
[WhiteTeam "vereinslos"]
[BlackTeam "Barnimer SF im SV Sta"]

1. e4 e5 2. Nf3 Nf6 3. Nxe5 d6 4. Nf3 Nxe4 5. d4 d5 6. Bd3 Bd6 7. O-O O-O 8. c4
c6 9. Nc3 Nxc3 10. bxc3 dxc4 11. Bxc4 Bf5 12. Bg5 Qa5 13. Nh4 Be6 14. Bxe6 Qxg5
15. Nf3 Qa5 16. Bb3 Nd7 17. Qd3 Nf6 18. Rfe1 Rae8 19. Rab1 Qc7 20. h3 Bf4 21.
Nh4 Bg5 22. Nf3 Bf4 23. Qf5 Bd6 24. Ng5 Qc8 25. Qxc8 Rxc8 26. Ne4 Nxe4 27. Rxe4
Rfe8 28. Rbe1 Kf8 29. Kf1 Rxe4 30. Rxe4 Re8 31. f3 f5 32. Rxe8+ Kxe8 1/2-1/2

[Event "Lichtenberger Sommer 2024"]
[Site "Berlin"]
[Date "2024.08.18"]
[Round "9.16"]
[White "Nötzel, Felix"]
[Black "Idaczek, Günter"]
[Result "1-0"]
[WhiteElo "2168"]
[BlackElo "1948"]
[PlyCount "59"]
[EventDate "2024.08.10"]
[WhiteTeam "SF Berlin 1903 e.V."]
[BlackTeam "SG NARVA Berlin e.V."]

1. c4 d6 2. Nc3 e5 3. g3 f5 4. d4 Nd7 5. Bg2 Ngf6 6. Nf3 c6 7. O-O Be7 8. Qc2
e4 9. Ng5 Nf8 10. d5 Nxd5 11. cxd5 Bxg5 12. Bxg5 Qxg5 13. f3 Qe3+ 14. Kh1 Ng6
15. fxe4 f4 16. Rf3 Qb6 17. gxf4 Bg4 18. Rg3 h5 19. e3 Nh4 20. h3 Bd7 21. Na4
Qd8 22. Qc3 Nxg2 23. Qxg7 Rf8 24. Qg6+ Ke7 25. Kxg2 cxd5 26. Nc3 Qa5 27. Nxd5+
Kd8 28. Qxd6 Re8 29. Rg7 Qd2+ 30. Kh1 1-0

[Event "Lichtenberger Sommer 2024"]
[Site "Berlin"]
[Date "2024.08.18"]
[Round "9.17"]
[White "Niehaus, Frank"]
[Black "Schäfer, Heiko"]
[Result "0-1"]
[WhiteElo "2120"]
[BlackElo "1962"]
[PlyCount "54"]
[EventDate "2024.08.10"]
[WhiteTeam "SK König Tegel 1949 e.V."]
[BlackTeam "Potsdamer SV Mitte e.V."]

1. e4 e6 2. d4 d5 3. Nc3 Nf6 4. e5 Nfd7 5. Nf3 c5 6. Bg5 Qb6 7. dxc5 Bxc5 8.
Qd2 Bb4 9. a3 Qa5 10. Bf4 Nc6 11. Rd1 Bxc3 12. bxc3 O-O 13. Bd3 f6 14. exf6
Rxf6 15. O-O e5 16. Rfe1 Rxf4 17. Nxe5 Rf8 18. Bxh7+ Kxh7 19. Qd3+ Kg8 20. Ng6
Nf6 21. Nxf8 Kxf8 22. h4 Bd7 23. h5 Re8 24. g4 Bxg4 25. h6 Bxd1 26. Rxe8+ Kxe8
27. Qg6+ Ke7 0-1

[Event "Lichtenberger Sommer 2024"]
[Site "Berlin"]
[Date "2024.08.18"]
[Round "9.18"]
[White "Hauer, Andreas"]
[Black "Amelang, Thomas"]
[Result "0-1"]
[WhiteElo "1911"]
[BlackElo "2106"]
[PlyCount "58"]
[EventDate "2024.08.10"]
[WhiteTeam "SC Turm Illingen"]
[BlackTeam "Münchener SC 1836 e.V."]

1. e4 d6 2. d4 Nf6 3. Nc3 g6 4. Nf3 Bg7 5. Be2 O-O 6. O-O c6 7. a4 Qc7 8. h3 e5
9. dxe5 dxe5 10. Bc4 h6 11. Be3 Re8 12. Qd2 Kh7 13. Rad1 Bf8 14. Qe2 Na6 15.
Bxa6 bxa6 16. Nd2 Nh5 17. Nb3 Rb8 18. Qd2 Be6 19. Nc5 Bc4 20. Rfe1 Rxb2 21. Qc1
Rb4 22. Rd7 Qb8 23. Rxf7+ Bxf7 24. Nxa6 Qb7 25. Nxb4 Qxb4 26. Bd2 Rd8 27. Nd5
Qd4 28. g4 cxd5 29. gxh5 dxe4 0-1

[Event "Lichtenberger Sommer 2024"]
[Site "Berlin"]
[Date "2024.08.18"]
[Round "9.19"]
[White "Vogel, Robert"]
[Black "Scheide, Helmut"]
[Result "1-0"]
[WhiteElo "2079"]
[BlackElo "1946"]
[PlyCount "41"]
[EventDate "2024.08.10"]
[WhiteTeam "SK München Südost e.V."]
[BlackTeam "USV Potsdam e.V., Abt. Schach"]

1. d4 Nf6 2. c4 e6 3. Nc3 d5 4. Bg5 Be7 5. Nf3 Nbd7 6. Qc2 O-O 7. O-O-O dxc4 8.
e4 Nb6 9. h4 Ne8 10. g4 f5 11. gxf5 exf5 12. e5 h6 13. Bf4 Kh8 14. d5 Bc5 15.
Rg1 Be7 16. Qd2 Kh7 17. h5 Rg8 18. Bh3 Bf8 19. Rg6 Nd7 20. Bxf5 Kh8 21. Bxh6
1-0

[Event "Lichtenberger Sommer 2024"]
[Site "Berlin"]
[Date "2024.08.18"]
[Round "9.20"]
[White "Tomin, Bogdan"]
[Black "Nguyen, Phuc Nhat"]
[Result "1-0"]
[WhiteElo "2072"]
[BlackElo "1943"]
[PlyCount "95"]
[EventDate "2024.08.10"]
[WhiteTeam "SF Berlin 1903 e.V."]
[BlackTeam "TSG Oberschöneweide e.V."]

1. e4 e5 2. Nf3 Nc6 3. Nc3 Nf6 4. d4 exd4 5. Nxd4 Bb4 6. Nxc6 bxc6 7. Bd3 d5 8.
exd5 cxd5 9. O-O O-O 10. h3 c6 11. Qf3 Bd6 12. Bg5 h6 13. Bf4 Be6 14. Rfe1 Bxf4
15. Qxf4 Qb8 16. Qxb8 Raxb8 17. b3 c5 18. Bf1 Rfd8 19. g4 g5 20. Rad1 d4 21.
Ne4 Nxe4 22. Rxe4 a5 23. Re5 Rd5 24. Rde1 a4 25. Rxd5 Bxd5 26. Re5 axb3 27.
axb3 Rd8 28. Bc4 Bxc4 29. bxc4 d3 30. cxd3 Rxd3 31. Kg2 Rc3 32. Rxc5 Kg7 33.
Rc6 Kh7 34. c5 Kg7 35. f3 Rc2+ 36. Kf1 Kh7 37. Ke1 Kg7 38. Rc8 Kh7 39. c6 Kg7
40. Kd1 Rc4 41. Kd2 Rc5 42. Kd3 Rc1 43. Kd4 Rc2 44. Kd5 Rc3 45. Rb8 Kf6 46. Rb4
Ke7 47. Rc4 Rd3+ 48. Ke4 1-0

[Event "Lichtenberger Sommer 2024"]
[Site "Berlin"]
[Date "2024.08.18"]
[Round "9.21"]
[White "Sakalli, Selcuk Orkun"]
[Black "Herms Agullo, Jordi"]
[Result "0-1"]
[WhiteElo "1897"]
[BlackElo "2043"]
[PlyCount "106"]
[EventDate "2024.08.10"]
[WhiteTeam "SC Zugzwang 95 e.V."]
[BlackTeam "Granollers Chess Club"]

1. d4 Nf6 2. c4 g6 3. Nc3 Bg7 4. e4 d6 5. Be3 Ng4 6. Bg5 h6 7. Bc1 O-O 8. h3
Nf6 9. Be3 Kh7 10. f4 e5 11. fxe5 dxe5 12. d5 c6 13. Bd3 cxd5 14. cxd5 Ne8 15.
g4 Nd6 16. h4 f5 17. h5 f4 18. hxg6+ Kxg6 19. Bf2 Bf6 20. g5 Bxg5 21. Qh5+ Kg7
22. Bh4 Bxh4+ 23. Rxh4 Qg5 24. Nh3 Qxh5 25. Rxh5 Bxh3 26. Rxh3 Nd7 27. Ke2 Rf6
28. Nb5 Nxb5 29. Bxb5 Nf8 30. Rh5 a6 31. Ba4 b5 32. Bb3 Re8 33. Rc1 Nh7 34.
Rc7+ Kg6 35. Rf5 Ng5 36. Rxf6+ Kxf6 37. Rc6+ Kg7 38. Bc2 Rf8 39. Rxa6 f3+ 40.
Kf2 h5 41. Rb6 h4 42. Rxb5 h3 43. Rb7+ Kh8 44. Rb6 Kg7 45. Rb7+ Kh6 46. Rb6+
Kh5 47. Kg3 Rf4 48. Bd3 Rg4+ 49. Kh2 Rg2+ 50. Kh1 Rd2 51. Bf1 Nxe4 52. Bxh3
Ng3+ 53. Kg1 f2+ 0-1

[Event "Lichtenberger Sommer 2024"]
[Site "Berlin"]
[Date "2024.08.18"]
[Round "9.22"]
[White "Pueschel, Werner"]
[Black "Matitschka, Heinz"]
[Result "1-0"]
[WhiteElo "2013"]
[BlackElo "1892"]
[PlyCount "84"]
[EventDate "2024.08.10"]
[WhiteTeam "vereinslos"]
[BlackTeam "TSG Oberschöneweide e.V."]

1. a3 Nf6 2. Nf3 g6 3. d4 Bg7 4. Bf4 d6 5. e3 Nbd7 6. Bc4 O-O 7. h3 c6 8. Nbd2
b5 9. Bd3 Bb7 10. O-O Re8 11. Bh2 Qb6 12. c3 Rad8 13. Qc2 c5 14. Be2 e5 15.
Rfd1 a6 16. a4 Bh6 17. axb5 axb5 18. Qb3 Bc6 19. Nf1 c4 20. Qb4 Ne4 21. Qa5 Bg7
22. Qxb6 Nxb6 23. Ra6 Rb8 24. Ng3 Nxg3 25. Bxg3 Be4 26. dxe5 dxe5 27. Ng5 Bc2
28. Rd2 Bf5 29. Bg4 Bd3 30. Bd1 h6 31. Nf3 f5 32. Bc2 Na4 33. Bxd3 cxd3 34.
Rxg6 Kh7 35. Rxg7+ Kxg7 36. Bxe5+ Kg6 37. Bxb8 Rxb8 38. Ne5+ Kg7 39. Nxd3 Rd8
40. Kf1 Nxb2 41. Rxb2 Rxd3 42. Rxb5 Rxc3 1-0

[Event "Lichtenberger Sommer 2024"]
[Site "Berlin"]
[Date "2024.08.18"]
[Round "9.23"]
[White "Lange, Malina"]
[Black "Kutschke, Jens"]
[Result "1-0"]
[WhiteElo "1859"]
[BlackElo "1965"]
[PlyCount "81"]
[EventDate "2024.08.10"]
[WhiteTeam "SV Mattnetz Berlin e.V."]
[BlackTeam "SF Berlin 1903 e.V."]

1. c4 f5 2. Nf3 Nf6 3. g3 g6 4. Bg2 Bg7 5. O-O d6 6. d4 O-O 7. Nc3 Qe8 8. d5
Na6 9. Re1 Nh5 10. Nb5 Bd7 11. Nbd4 h6 12. e4 f4 13. e5 Bg4 14. Qc2 Qf7 15.
gxf4 Nb4 16. e6 Qf6 17. Qb1 Kh7 18. a3 Nxf4 19. Bxf4 Qxf4 20. Re4 Bxd4 21. Rxf4
Rxf4 22. Nxd4 Na6 23. Qd3 Nc5 24. Qe3 Raf8 25. b4 Na4 26. f3 Bh5 27. Rf1 Nb6
28. Qd3 a6 29. Rc1 Rh4 30. Ne2 Rf5 31. Ng3 Rg5 32. Nxh5 Rgxh5 33. h3 Rf5 34.
Kh2 Rff4 35. Bf1 Rd4 36. Qe3 Rdf4 37. Bd3 Kg7 38. Rg1 Rf6 39. Rg4 Rh5 40. Qg1
g5 41. Qe3 1-0

[Event "Lichtenberger Sommer 2024"]
[Site "Berlin"]
[Date "2024.08.18"]
[Round "9.24"]
[White "Rath, Alina"]
[Black "Matiashvili, Alexander Michael"]
[Result "1-0"]
[WhiteElo "2020"]
[BlackElo "1892"]
[PlyCount "75"]
[EventDate "2024.08.10"]
[WhiteTeam "SK König Tegel 1949 e.V."]
[BlackTeam "SV Königsjäger Süd-West e.V."]

1. c4 e5 2. Nc3 Nf6 3. g3 Bb4 4. Bg2 Bxc3 5. dxc3 d6 6. e4 O-O 7. h3 Be6 8. b3
Nbd7 9. Be3 a5 10. a4 b6 11. Ne2 Nc5 12. Qc2 Qc8 13. g4 Qb7 14. Ng3 c6 15. Rd1
Rfd8 16. Bg5 Qe7 17. Nh5 Ncd7 18. Qd2 h6 19. Nxf6+ Nxf6 20. Be3 Rab8 21. g5
hxg5 22. Bxg5 b5 23. O-O bxa4 24. bxa4 Bxc4 25. Rfe1 Bb3 26. Ra1 Qe6 27. Re3
Rd7 28. Rg3 Nh7 29. Be3 Rdb7 30. h4 Bc4 31. Qd1 Ba2 32. Bh3 Qc4 33. Qg4 Rb1+
34. Kh2 g6 35. Rxb1 Bxb1 36. h5 Qxe4 37. hxg6 Qxg4 38. gxh7+ 1-0

[Event "Lichtenberger Sommer 2024"]
[Site "Berlin"]
[Date "2024.08.18"]
[Round "9.25"]
[White "Pimenov, Danil"]
[Black "Stark, Ingo"]
[Result "1-0"]
[WhiteElo "1891"]
[BlackElo "2020"]
[PlyCount "55"]
[EventDate "2024.08.10"]
[WhiteTeam "SC Borussia Lichtenberg"]
[BlackTeam "TSG Oberschöneweide e.V."]

1. e4 c5 2. Nf3 d6 3. d4 cxd4 4. Nxd4 Nf6 5. Nc3 a6 6. Be2 e6 7. Be3 Be7 8. Qd2
Qc7 9. g4 Nc6 10. g5 Nd7 11. h4 b5 12. a3 Bb7 13. h5 Nxd4 14. Bxd4 e5 15. Be3
O-O-O 16. Nd5 Bxd5 17. Qxd5 Nb6 18. Qxf7 Kb7 19. Qb3 d5 20. exd5 Rhf8 21. Bd3
Bc5 22. O-O-O Kb8 23. Bxh7 Nc4 24. Be4 Nxe3 25. fxe3 Qb6 26. Rde1 Rd6 27. Kb1
Qd8 28. Qc3 1-0